| 000 | 00974 a2200313 4500 | ||
|---|---|---|---|
| 999 |
_c200045959 _d30972 |
||
| 001 | 200045959 | ||
| 003 | TR-AnTOB | ||
| 005 | 20231128103052.0 | ||
| 008 | 131021r20062012tu 000 0 | ||
| 020 | _a9789759784478 | ||
| 040 |
_aTR-AnTOB _beng _cTR-AnTOB _erda |
||
| 041 | _atur | ||
| 050 | 4 |
_aPG1919.2.J39 _bR84 2012 |
|
| 090 | _aPG1919.2.J39 R84 2012 | ||
| 100 | 1 |
_aJazbec, Milan _985422 |
|
| 245 | 1 | 0 |
_aRuhun ötesindeki gökkuşağı: diplomasiye dair bir roman / _cMilan Jazbec. |
| 246 | 1 | 1 | _aMavrica izza duše. |
| 264 | 1 |
_aAnkara: _bYıldız Yayıncılık, _c2012 |
|
| 300 |
_a262 p.; _c21 cm |
||
| 500 | _a"Beyazlı kadın üçlemesi : Birinci kitap." | ||
| 650 | 7 |
_aSlovenya edebiyatı _2etuturkob _985424 |
|
| 650 | 0 |
_aSlovenian literature _985425 |
|
| 650 | 7 |
_aSloven romanı _2etuturkob _985767 |
|
| 650 | 0 |
_aDiplomasi _vRoman _985428 |
|
| 650 | 0 |
_aDiplomacy _vFiction _985426 |
|
| 700 | 1 |
_aEriş, Çiçek _985423 |
|
| 942 |
_cBK _2lcc |
||